000 00871nam a22003130a 4500
001 PT53487
003 AR-LpoUNG
005 20210131231556.0
008 191001s2014||||ag |||||||||||||||||spa d
020 _a9789504633976
_c$8,03
040 _aAR-LpoUNG
_bspa
_cAR-LpoUNG
_eaacr
041 _aspa
044 _aag
082 0 _a808.068 3 56his
100 1 _aEnde, Michael
245 1 3 _aLa historia interminable :
_bde la a a la z
250 _a1ra ed.; 1ra reimpr.
260 _aBuenos Aires :
_bAlfaguara,
_c2014.
300 _a421 p. :
_bil.
505 0 _aSugerido a partir de 14 años (etiqueta VERDE)
650 4 _aLITERATURA
650 4 _aNOVELAS
651 4 _aDOCUMENTOS TEORICOS O METODOLOGICOS
653 _aLITERATURA INFANTOJUVENIL
700 1 _aQuadflieg, Roswitha
_eil.
700 1 _aSáenz, Miguel
_etr.
905 _a53487
942 _cLIB
999 _c10833
_d10833